00922nam a2200229 a 4500001001000000003000500010005001700015008004100032010001100073011001100084040000900095100003700104245017500141260004100316500006000357502007500417650004000492650003100532650003100563700002800594856007000622000113750CHAP20220329144411.0170914s2017 mx sm |||||||spa d a110211 a111183 cCHAP1 aFernández Rodríguez, Alberto10aEfecto de la administración de calostro vía parenteral en la fertilidad de vacas holsteinh[En línea]cpor Alberto Fernández Rodríguez y Juan Zambrano García. aChapingo, Méx. :bEl autor,c2017. aPara ver el contenido del material haga clic en la liga aTesis (Ing. Agr. Esp. en Zootecnia) -- UACH. Departamento de Zootecnia14aCalostro efecto en ganado Holstein.14aCalostroxValor nutritivo.14aGanado vacunoxFertilidad.1 aZambrano García, Juan aFinding aiduhttp://10.13.5.2/tesis/sist113750.pdfzTeclea aquí